[Event "Olimpiada Calviá 2004"]
[Site "Calviá ESP"]
[Date "2004.10.23"]
[Round "8.43"]
[White "Juarez Flores, Carlos A"]
[Black "Denny, Kevin"]
[Result "1/2-1/2"]
[WhiteElo "2391"]
[BlackElo "2334"]
[PlyCount "117"]
[EventDate "2004.10.15"]
[EventType "team"]
[EventRounds "14"]
[EventCountry "ESP"]
[Source "lmi"]
[SourceDate "2004.10.27"]

1. e4 c5 2. Nf3 d6 3. d4 cxd4 4. Nxd4 Nf6 5. Nc3 g6 6. Be2 Bg7 7. O-O O-O 8.
Nb3 Nc6 9. Bg5 a6 10. f4 b5 11. Bf3 Bb7 12. Kh1 Nd7 13. Qe2 b4 14. Nd5 f6 15.
Bh4 e6 16. Ne3 g5 17. Bg3 gxf4 18. Bxf4 Nde5 19. Rad1 Qe7 20. Qd2 Rfd8 21. Be2
Kh8 22. Rfe1 a5 23. Bf1 Rac8 24. Nc1 Qc7 25. Ne2 Qb6 26. Ng3 Bf8 27. Nh5 Be7
28. Qf2 Rg8 29. Bg3 Rcf8 30. Nf4 Nd8 31. Nc4 Qxf2 32. Bxf2 Rg4 33. Bg3 Nxc4 34.
Bxc4 f5 35. exf5 e5 36. Ne6 Rxc4 37. Nxf8 Rxc2 38. Rg1 Bxf8 39. Bxe5+ dxe5 40.
Rxd8 Kg8 41. Re8 e4 42. Rd1 e3 43. Rg1 Kf7 44. Rxe3 Bc5 45. Rh3 Bxg1 46. Rxh7+
Kf6 47. Rxb7 Bd4 48. g4 Kg5 49. Rd7 Be5 50. Rd5 Re2 51. Kg1 Bxh2+ 52. Kf1 Rxb2
53. Rxa5 Kxg4 54. Ke1 Bg3+ 55. Kd1 Rf2 56. Ra7 Rxf5 57. Kc2 Be1 58. a3 bxa3 59.
Rxa3 1/2-1/2

[Event "Olimpiada Calviá 2004"]
[Site "Calviá ESP"]
[Date "2004.10.23"]
[Round "8.43"]
[White "Warner, Delisle"]
[Black "Juarez Flores, Roberto"]
[Result "1/2-1/2"]
[WhiteElo "2291"]
[BlackElo "2207"]
[PlyCount "118"]
[EventDate "2004.10.15"]
[EventType "team"]
[EventRounds "14"]
[EventCountry "ESP"]
[Source "lmi"]
[SourceDate "2004.10.27"]

1. Nf3 Nf6 2. c4 g6 3. Nc3 Bg7 4. e4 d6 5. d4 O-O 6. Be2 c5 7. O-O Bg4 8. Be3
Na6 9. h3 Bxf3 10. Bxf3 Rb8 11. Qd2 b6 12. d5 Nc7 13. a4 Nfe8 14. Be2 e5 15. a5
f5 16. exf5 gxf5 17. f4 e4 18. axb6 axb6 19. g4 Qh4 20. Kg2 Qe7 21. g5 b5 22.
Nxb5 Nxb5 23. cxb5 Qb7 24. Ra5 Nc7 25. b4 Kh8 26. bxc5 dxc5 27. Bc4 Rfd8 28. d6
Ne8 29. Ra6 h6 30. h4 Kh7 31. Bxc5 e3+ 32. Qd5 Qxd5+ 33. Bxd5 Rxb5 34. Rc1 e2
35. Rc6 Nxd6 36. Be6 Rxc5 37. R6xc5 Re8 38. Bd7 e1=Q 39. Rxe1 Rxe1 40. Rd5 hxg5
41. hxg5 Bf8 42. Bxf5+ Nxf5 43. Rxf5 Bg7 44. Rb5 Re3 45. f5 Ra3 46. Rb7 Kg8 47.
g6 Ra5 48. Rf7 Ra3 49. Kf2 Rb3 50. Ke2 Ra3 51. Kf2 Rb3 52. Kg2 Ra3 53. Kh2 Rb3
54. Ra7 Rb5 55. Ra8+ Bf8 56. f6 Rh5+ 57. Kg3 Rg5+ 58. Kf4 Rxg6 59. Kf5 Rg1
1/2-1/2

[Event "Olimpiada Calviá 2004"]
[Site "Calviá ESP"]
[Date "2004.10.23"]
[Round "8.43"]
[White "Reyes Najera, Carlos A"]
[Black "Farley, Terry"]
[Result "1-0"]
[WhiteElo "2186"]
[BlackElo "2247"]
[PlyCount "61"]
[EventDate "2004.10.15"]
[EventType "team"]
[EventRounds "14"]
[EventCountry "ESP"]
[Source "lmi"]
[SourceDate "2004.10.27"]

1. d4 Nf6 2. c4 g6 3. Nc3 Bg7 4. Nf3 O-O 5. g3 d6 6. Bg2 Nbd7 7. O-O e5 8. h3
c6 9. e4 exd4 10. Nxd4 a5 11. Be3 Re8 12. Re1 Nc5 13. Qc2 a4 14. Rad1 Qa5 15.
Bf4 a3 16. b3 Bd7 17. Bxd6 Nfxe4 18. Nxe4 Bxd4 19. Bxc5 Bxc5 20. Nf6+ Kg7 21.
Nxe8+ Bxe8 22. Re2 Bb4 23. Rd3 Qf5 24. Qd1 Qf6 25. Qc1 Bc5 26. Qd2 Qa1+ 27. Kh2
Qf6 28. b4 Be7 29. Qe1 Qf5 30. Rf3 Qg5 31. Rxe7 1-0

[Event "Olimpiada Calviá 2004"]
[Site "Calviá ESP"]
[Date "2004.10.23"]
[Round "8.43"]
[White "Corbin, Philip"]
[Black "Juarez Flores, Guillermo J"]
[Result "1-0"]
[WhiteElo "2242"]
[BlackElo "2221"]
[PlyCount "121"]
[EventDate "2004.10.15"]
[EventType "team"]
[EventRounds "14"]
[EventCountry "ESP"]
[Source "lmi"]
[SourceDate "2004.10.27"]

1. e4 e5 2. Bc4 Nc6 3. Nf3 Nf6 4. d4 exd4 5. O-O Nxe4 6. Re1 d5 7. Bxd5 Qxd5 8.
Nc3 Qa5 9. Nxe4 Be6 10. Neg5 O-O-O 11. Nxe6 fxe6 12. Rxe6 Bd6 13. Qe2 Qh5 14.
h3 Rde8 15. Bd2 Ne5 16. Nxd4 Qxe2 17. Rxe8+ Rxe8 18. Nxe2 Nc4 19. Be3 Nxe3 20.
fxe3 Rxe3 21. Kf2 Bc5 22. b4 Bb6 23. c4 Re4+ 24. c5 Rxb4 25. cxb6 Rxb6 26. g4
c5 27. Rc1 Rc6 28. Ng3 Kd7 29. Ne4 b6 30. Ke3 Re6 31. Kf4 Kc6 32. Kf5 Rh6 33.
Rh1 c4 34. h4 Kb5 35. Ke5 Rc6 36. Kd5 Rc7 37. Nd6+ Ka4 38. Nxc4 b5 39. Ne3 Ka3
40. Rh2 b4 41. Rc2 Rxc2 42. Nxc2+ Kxa2 43. Nxb4+ Kb3 44. Na6 Ka4 45. Ke6 Kb5
46. Nc7+ Kc4 47. Na6 Kb5 48. Nc7+ Kc4 49. Nd5 a5 50. g5 g6 51. Ke5 Kd3 52. Nb6
Kc3 53. Kd5 Kb4 54. Kd4 Kb5 55. Nd5 Kc6 56. Nf6 Kd6 57. Nxh7 Ke6 58. Nf8+ Kf7
59. Nxg6 Kxg6 60. Kc5 a4 61. Kb4 1-0

[Event "Olimpiada Calviá 2004"]
[Site "Calviá ESP"]
[Date "2004.10.23"]
[Round "8.44"]
[White "Lodhi, Mahmood"]
[Black "Jones, Richard S"]
[Result "1/2-1/2"]
[WhiteElo "2385"]
[BlackElo "2297"]
[PlyCount "97"]
[EventDate "2004.10.15"]
[EventType "team"]
[EventRounds "14"]
[EventCountry "ESP"]
[Source "lmi"]
[SourceDate "2004.10.27"]

1. d4 Nf6 2. Nf3 g6 3. g3 Bg7 4. Bg2 O-O 5. c4 d6 6. O-O Nbd7 7. Nc3 e5 8. e4
exd4 9. Nxd4 Nc5 10. Re1 Re8 11. b3 Ng4 12. Bf4 Ne5 13. Be3 Ng4 14. Bf4 Ne5 15.
Rf1 a5 16. Qd2 a4 17. Bg5 f6 18. Bh6 Bd7 19. Bxg7 Kxg7 20. f4 Nc6 21. Rab1 Nxd4
22. Qxd4 axb3 23. axb3 Ra3 24. b4 Ne6 25. Qd2 Qa8 26. e5 Qa7+ 27. Kh1 fxe5 28.
fxe5 Qd4 29. Qxd4 Nxd4 30. Nd5 Rxe5 31. Nxc7 Bc6 32. Bxc6 bxc6 33. Rbe1 Ra2 34.
Rxe5 dxe5 35. Ne8+ Kh6 36. Nf6 Re2 37. Rf2 Re1+ 38. Kg2 g5 39. Ng8+ Kg7 40. Ne7
Rb1 41. Nf5+ Kg6 42. Nxd4 exd4 43. Rd2 Rxb4 44. Rxd4 c5 45. Rd6+ Kf7 46. Rd5
Rxc4 47. Rxg5 Rc2+ 48. Kf3 Rxh2 49. Rxc5 1/2-1/2

[Event "Olimpiada Calviá 2004"]
[Site "Calviá ESP"]
[Date "2004.10.23"]
[Round "8.44"]
[White "Kett, T."]
[Black "Amir, Karim"]
[Result "0-1"]
[WhiteElo "2196"]
[BlackElo "2250"]
[PlyCount "140"]
[EventDate "2004.10.15"]
[EventType "team"]
[EventRounds "14"]
[EventCountry "ESP"]
[Source "lmi"]
[SourceDate "2004.10.27"]

1. e4 c5 2. Nf3 Nc6 3. d4 cxd4 4. Nxd4 Nf6 5. Nc3 e5 6. Ndb5 d6 7. Bg5 a6 8.
Na3 b5 9. Bxf6 gxf6 10. Nd5 f5 11. c3 Bg7 12. Bd3 Be6 13. Nxb5 axb5 14. Bxb5
Bd7 15. exf5 O-O 16. O-O Re8 17. Qg4 f6 18. Rfe1 Kh8 19. Re3 Ne7 20. Rg3 Rg8
21. Bxd7 Qxd7 22. Nb6 Qxf5 23. Nxa8 Qxg4 24. Rxg4 Rxa8 25. a4 d5 26. a5 e4 27.
f3 f5 28. Rg5 Bf6 29. Rh5 d4 30. cxd4 Bxd4+ 31. Kf1 exf3 32. gxf3 Nd5 33. Ke1
Bxb2 34. Rd1 Ne7 35. Rd7 Bf6 36. Rxe7 Bxe7 37. Rxf5 Bb4+ 38. Kf2 Kg7 39. Rb5
Bxa5 40. h3 Kg6 41. Rd5 Bc7 42. Rd2 Bf4 43. Re2 Kg5 44. Re4 Ra6 45. Re2 Rh6 46.
Kg2 Kf5 47. Re7 Rg6+ 48. Kf2 h6 49. Rf7+ Ke5 50. Re7+ Kf6 51. Re8 Bd6 52. Ke3
Rg3 53. h4 Bc5+ 54. Ke4 Rh3 55. Rc8 Rxh4+ 56. f4 Bd6 57. Rc6 Ke6 58. Ke3 Kd5
59. Ra6 Bxf4+ 60. Kf3 Ke5 61. Ra5+ Kf6 62. Ra4 Kf5 63. Rc4 Rh3+ 64. Kg2 Rg3+
65. Kh1 Kg4 66. Ra4 Kf3 67. Ra3+ Be3 68. Ra2 Rg1+ 69. Kh2 Rb1 70. Ra3 Rb5 0-1

[Event "Olimpiada Calviá 2004"]
[Site "Calviá ESP"]
[Date "2004.10.23"]
[Round "8.44"]
[White "Mirza, Shahzad"]
[Black "Rees, Ioan"]
[Result "1-0"]
[WhiteElo "2279"]
[BlackElo "2201"]
[PlyCount "55"]
[EventDate "2004.10.15"]
[EventType "team"]
[EventRounds "14"]
[EventCountry "ESP"]
[Source "lmi"]
[SourceDate "2004.10.27"]

1. d4 Nf6 2. c4 c5 3. d5 b5 4. cxb5 a6 5. bxa6 Bxa6 6. Nc3 d6 7. e4 Bxf1 8.
Kxf1 g6 9. g3 Bg7 10. Kg2 O-O 11. Nf3 Nbd7 12. h3 Ra6 13. Re1 Qa8 14. Rb1 e6
15. dxe6 fxe6 16. Bg5 d5 17. e5 Ne8 18. Bf4 Rf5 19. Kg1 Nc7 20. a4 d4 21. Nb5
Nd5 22. Nd6 Rf8 23. Ng5 Rxf4 24. gxf4 Nxf4 25. Qg4 Bxe5 26. Rxe5 Nxe5 27. Qxf4
Qd5 28. Nde4 1-0

[Event "Olimpiada Calviá 2004"]
[Site "Calviá ESP"]
[Date "2004.10.23"]
[Round "8.45"]
[White "Khairallah, Faisal"]
[Black "Mok, Tze-Meng"]
[Result "0-1"]
[WhiteElo "2323"]
[BlackElo "2336"]
[PlyCount "124"]
[EventDate "2004.10.15"]
[EventType "team"]
[EventRounds "14"]
[EventCountry "ESP"]
[Source "lmi"]
[SourceDate "2004.10.27"]

1. d4 g6 2. e4 Bg7 3. c4 d6 4. Nf3 Nf6 5. Nc3 O-O 6. Be2 c5 7. O-O cxd4 8. Nxd4
Nc6 9. Be3 Bd7 10. Qd2 Nxd4 11. Bxd4 Bc6 12. f3 Nd7 13. Be3 a6 14. b4 b6 15.
Bd4 Bxd4+ 16. Qxd4 a5 17. a3 Qc7 18. Rac1 Rfc8 19. Rfe1 axb4 20. axb4 Ra3 21.
Ra1 Rca8 22. Rxa3 Rxa3 23. Nd5 Bxd5 24. exd5 Rb3 25. Ra1 f6 26. Ra4 Kf7 27. f4
b5 28. Ra7 Qb6 29. Qxb6 Nxb6 30. Rb7 Nxc4 31. Rxb5 Ne3 32. Rb8 Rb2 33. Bf3 h5
34. b5 Nc4 35. f5 Ne5 36. fxg6+ Kxg6 37. Rg8+ Kf7 38. Rg3 Nxf3+ 39. Rxf3 Rxb5
40. Rd3 Rb4 41. Kf2 Re4 42. Kf3 f5 43. Ra3 Rd4 44. Ra5 Kf6 45. g3 h4 46. gxh4
Rxh4 47. Kg3 Rg4+ 48. Kf3 Rd4 49. Kg3 Kg5 50. Ra7 Rd3+ 51. Kf2 Kf6 52. Ra5 Rh3
53. Kg2 Re3 54. Kf2 Re5 55. Kf3 e6 56. h4 Rxd5 57. Ra1 Rd3+ 58. Kg2 f4 59. Rh1
Kf5 60. h5 Kg4 61. Kf2 Rd2+ 62. Ke1 Ra2 0-1

[Event "Olimpiada Calviá 2004"]
[Site "Calviá ESP"]
[Date "2004.10.23"]
[Round "8.45"]
[White "Lim, Yee-Weng"]
[Black "Najjar, Ahmad"]
[Result "1/2-1/2"]
[WhiteElo "2346"]
[BlackElo "2337"]
[PlyCount "81"]
[EventDate "2004.10.15"]
[EventType "team"]
[EventRounds "14"]
[EventCountry "ESP"]
[Source "lmi"]
[SourceDate "2004.10.27"]

1. e4 e5 2. Bc4 Nc6 3. Nc3 Nf6 4. d3 Be7 5. f4 d6 6. Nf3 O-O 7. O-O Na5 8. f5
c6 9. Bb3 Nxb3 10. axb3 Qc7 11. Kh1 d5 12. Qe1 dxe4 13. dxe4 Re8 14. Qg3 Nh5
15. Qxe5 Qxe5 16. Nxe5 Bb4 17. Nc4 b5 18. Na5 Bxc3 19. bxc3 Rxe4 20. Nxc6 a6
21. Bd2 Bb7 22. Nd4 Rae8 23. Kg1 Nf6 24. Rae1 Rd8 25. Rxe4 Nxe4 26. Be1 Kf8 27.
Ne2 Rd1 28. Ng3 Rc1 29. Nxe4 Bxe4 30. Bf2 Rxc2 31. Re1 Bc6 32. Re3 Bd7 33. Bg3
h6 34. f6 g5 35. Rd3 Ke8 36. Bc7 b4 37. Re3+ Be6 38. Rd3 Bd7 39. Re3+ Kf8 40.
Rd3 Ke8 41. Re3+ 1/2-1/2

[Event "Olimpiada Calviá 2004"]
[Site "Calviá ESP"]
[Date "2004.10.23"]
[Round "8.45"]
[White "Kassis, Antoine"]
[Black "Leong, Mun Wan"]
[Result "0-1"]
[WhiteElo "2221"]
[BlackElo "2205"]
[PlyCount "58"]
[EventDate "2004.10.15"]
[EventType "team"]
[EventRounds "14"]
[EventCountry "ESP"]
[Source "lmi"]
[SourceDate "2004.10.27"]

1. e4 c5 2. Nf3 d6 3. d4 cxd4 4. Nxd4 Nf6 5. Nc3 g6 6. Be3 Bg7 7. f3 Nc6 8. Qd2
O-O 9. O-O-O d5 10. Qe1 e5 11. Nxc6 bxc6 12. exd5 Nxd5 13. Bc5 Bh6+ 14. Kb1
Nxc3+ 15. bxc3 Qa5 16. Bb4 Rb8 17. Ka1 Qa4 18. Bc4 c5 19. Bb3 Qc6 20. Bd5 Qb5
21. Ba3 Qa4 22. Bb2 Qxc2 23. Bb3 Rxb3 24. axb3 Qxb3 25. g4 Be6 26. c4 Qa4+ 27.
Kb1 Bxc4 28. Qc3 Ba2+ 29. Ka1 Bb3+ 0-1

[Event "Olimpiada Calviá 2004"]
[Site "Calviá ESP"]
[Date "2004.10.23"]
[Round "8.45"]
[White "Zarul Shazwan, Zullkafli"]
[Black "Somoff, Abdo"]
[Result "1-0"]
[WhiteElo "2020"]
[BlackElo "2330"]
[PlyCount "87"]
[EventDate "2004.10.15"]
[EventType "team"]
[EventRounds "14"]
[EventCountry "ESP"]
[Source "lmi"]
[SourceDate "2004.10.27"]

1. e4 c5 2. Nf3 Nc6 3. d4 cxd4 4. Nxd4 g6 5. c4 Bg7 6. Be3 Nf6 7. Nc3 Ng4 8.
Qxg4 Nxd4 9. Qd1 Ne6 10. Qc2 O-O 11. Be2 Nd4 12. Qd2 Nxe2 13. Nxe2 d6 14. O-O
Be6 15. Rac1 b6 16. Bd4 f6 17. b3 Rc8 18. Bb2 h5 19. Nd4 Bd7 20. f4 Bh6 21. Qd3
e5 22. Ne2 Bg4 23. g3 Rf7 24. Rcd1 Qc7 25. Kg2 Qd7 26. Rf2 Bf8 27. fxe5 dxe5
28. Qxd7 Bxd7 29. Nc3 Bg4 30. Rdf1 Kg7 31. Nd5 Bc5 32. Rxf6 Rxf6 33. Bxe5 Re8
34. Bxf6+ Kh6 35. e5 Bd4 36. h3 Bf5 37. Re1 Bc8 38. g4 hxg4 39. hxg4 Bxg4 40.
Re4 Bxe5 41. Rxe5 Ra8 42. Bg5+ Kg7 43. Re7+ Kh8 44. Nf6 1-0

[Event "Olimpiada Calviá 2004"]
[Site "Calviá ESP"]
[Date "2004.10.23"]
[Round "8.46"]
[White "Thamtavatvorn, Taweechai"]
[Black "Russell, M K A."]
[Result "1/2-1/2"]
[WhiteElo "2214"]
[BlackElo "2221"]
[PlyCount "109"]
[EventDate "2004.10.15"]
[EventType "team"]
[EventRounds "14"]
[EventCountry "ESP"]
[Source "lmi"]
[SourceDate "2004.10.27"]

1. d4 Nf6 2. c4 e6 3. Nf3 b6 4. g3 Ba6 5. Nbd2 d5 6. Bg2 c6 7. Qc2 Be7 8. O-O
O-O 9. Re1 b5 10. c5 Nbd7 11. b4 Qc7 12. Bb2 Bc8 13. h3 Nh5 14. e4 dxe4 15.
Nxe4 Nhf6 16. Nc3 a5 17. a3 Re8 18. Rab1 axb4 19. axb4 Nd5 20. Nxd5 exd5 21.
Bc1 Nf8 22. Bf4 Qb7 23. Ne5 Be6 24. Ra1 Ra6 25. Rxa6 Qxa6 26. Bc1 Ng6 27. Nf3
Ra8 28. Bb2 Qc8 29. Kh2 Ra4 30. Qc3 Bf6 31. Ra1 Rxa1 32. Bxa1 h5 33. h4 Bg4 34.
Qe3 Nf8 35. Ne5 Qe6 36. Bc3 Bxe5 37. Qxe5 Qf5 38. Qxf5 Bxf5 39. Bd2 Ne6 40. Be3
f6 41. Kg1 g5 42. f3 Kf7 43. Kf2 Kg6 44. Bf1 Ng7 45. Be2 gxh4 46. gxh4 Bc2 47.
Ke1 Nf5 48. Kd2 Bb1 49. Bf2 Ng7 50. Bf1 Ne6 51. Be3 Nf8 52. Bh3 Bf5 53. Bf1 Kf7
54. Bf2 Ne6 55. Ke3 1/2-1/2

[Event "Olimpiada Calviá 2004"]
[Site "Calviá ESP"]
[Date "2004.10.23"]
[Round "8.46"]
[White "Weeramantry, Sunil"]
[Black "Theerapabpaisit, Wisuwat"]
[Result "1-0"]
[WhiteElo "2231"]
[BlackElo "2277"]
[PlyCount "87"]
[EventDate "2004.10.15"]
[EventType "team"]
[EventRounds "14"]
[EventCountry "ESP"]
[Source "lmi"]
[SourceDate "2004.10.27"]

1. e4 c5 2. Nc3 Nc6 3. f4 e6 4. Nf3 a6 5. d4 cxd4 6. Nxd4 Qb6 7. Nb3 d6 8. a4
Na5 9. Nxa5 Qxa5 10. Bd2 Bd7 11. Bd3 Bc6 12. b4 Qc7 13. b5 Bd7 14. bxa6 bxa6
15. Qe2 Bc8 16. O-O Nf6 17. Kh1 Nd7 18. f5 Ne5 19. fxe6 fxe6 20. a5 Be7 21.
Qh5+ g6 22. Qh3 Nc4 23. Bh6 e5 24. Nd5 Qc5 25. Qf3 Be6 26. Bxc4 Qxc4 27. Nb6
Qc6 28. Nxa8 Qxa8 29. Rab1 Kd7 30. Rfd1 Rc8 31. Bg7 h5 32. h3 g5 33. Bxe5 g4
34. Qd3 gxh3 35. Bxd6 hxg2+ 36. Kh2 g1=Q+ 37. Kxg1 Rg8+ 38. Kh2 Qc6 39. Ba3+
Ke8 40. Bxe7 Kxe7 41. Rb6 Qc7+ 42. Qd6+ Qxd6+ 43. Rdxd6 Bc4 44. Rh6 1-0

[Event "Olimpiada Calviá 2004"]
[Site "Calviá ESP"]
[Date "2004.10.23"]
[Round "8.46"]
[White "Jiravorasuk, Banjuab"]
[Black "Wijesurija, G  Laxman"]
[Result "0-1"]
[WhiteElo "2323"]
[BlackElo "2124"]
[PlyCount "52"]
[EventDate "2004.10.15"]
[EventType "team"]
[EventRounds "14"]
[EventCountry "ESP"]
[Source "lmi"]
[SourceDate "2004.10.27"]

1. e4 c5 2. Nf3 Nc6 3. d4 cxd4 4. Nxd4 e5 5. Nb5 a6 6. Nd6+ Bxd6 7. Qxd6 Qf6 8.
Qd1 Qg6 9. Nc3 d5 10. Nxd5 Qxe4+ 11. Be3 Nd4 12. Nc7+ Ke7 13. Nxa8 Nxc2+ 14.
Kd2 Nxe3 15. fxe3 Nf6 16. Qb3 Rd8+ 17. Ke1 Ng4 18. Rc1 Be6 19. Rc7+ Kf8 20. Qc2
Qxe3+ 21. Qe2 Qd4 22. h3 Nf2 23. Rh2 Ne4 24. g4 Qb4+ 25. Rc3 Nxc3 26. a3 Qf4
0-1

[Event "Olimpiada Calviá 2004"]
[Site "Calviá ESP"]
[Date "2004.10.23"]
[Round "8.46"]
[White "Edirisinghe, Dulan"]
[Black "Saelee, Uaychai"]
[Result "0-1"]
[WhiteElo "2175"]
[BlackElo "2165"]
[PlyCount "110"]
[EventDate "2004.10.15"]
[EventType "team"]
[EventRounds "14"]
[EventCountry "ESP"]
[Source "lmi"]
[SourceDate "2004.10.27"]

1. d4 Nf6 2. Nf3 e6 3. Bg5 h6 4. Bh4 g5 5. Bg3 Nh5 6. e4 Nxg3 7. fxg3 Bg7 8. c3
d6 9. Bd3 Nd7 10. O-O c5 11. dxc5 Nxc5 12. Na3 O-O 13. Kh1 a6 14. Qd2 b5 15.
Rae1 Nxd3 16. Qxd3 Bb7 17. Nc2 Qc7 18. Ne3 Rad8 19. Nd4 d5 20. e5 h5 21. Qe2 g4
22. Nd1 Qe7 23. Qe3 Kh8 24. Qd3 Kg8 25. Qe3 Kh7 26. h3 Rh8 27. Rf2 Kg8 28. Ref1
Rf8 29. Kg1 Rh6 30. Rf6 Rxf6 31. exf6 Bxf6 32. Qh6 Bg7 33. Qxh5 gxh3 34. gxh3
Qd6 35. Kh2 Qe5 36. Qg4 b4 37. h4 bxc3 38. bxc3 a5 39. h5 Kh8 40. Rf2 Bh6 41.
Nf3 Qg7 42. Qd4 Qxd4 43. cxd4 Ba6 44. g4 f6 45. Rb2 Bf4+ 46. Kg2 Rc8 47. Kf2
Bd3 48. Ne3 Rc1 49. Nh4 Rb1 50. Rd2 Be4 51. Nhg2 Bxg2 52. Kxg2 Bxe3 53. Re2
Bxd4 54. Rxe6 Kg7 55. Ra6 Rb2+ 0-1

[Event "Olimpiada Calviá 2004"]
[Site "Calviá ESP"]
[Date "2004.10.23"]
[Round "8.47"]
[White "Chong, Chor Yuen"]
[Black "Mikheev, Stanislav"]
[Result "0-1"]
[WhiteElo "2146"]
[BlackElo "2352"]
[PlyCount "62"]
[EventDate "2004.10.15"]
[EventType "team"]
[EventRounds "14"]
[EventCountry "ESP"]
[Source "lmi"]
[SourceDate "2004.10.27"]

1. e4 c5 2. Nf3 d6 3. d4 cxd4 4. Nxd4 Nf6 5. Nc3 a6 6. Be3 e5 7. Nb3 Be6 8. f3
Be7 9. Qd2 O-O 10. O-O-O a5 11. Kb1 a4 12. Nc1 Ra5 13. g4 d5 14. exd5 Nxd5 15.
Bc4 Nxe3 16. Qxe3 Qc8 17. Bd3 a3 18. b3 Nc6 19. h4 Nb4 20. Be4 Qc7 21. N1e2 Rc8
22. Rh2 Rc5 23. g5 b6 24. Rf2 g6 25. f4 Bg4 26. Rd2 Bxe2 27. Nxe2 Nxc2 28. Bxc2
Rxc2 29. Rf1 Bb4 30. Rdd1 Rb2+ 31. Ka1 Rxa2+ 0-1

[Event "Olimpiada Calviá 2004"]
[Site "Calviá ESP"]
[Date "2004.10.23"]
[Round "8.48"]
[White "Gajadin, Dewperkash"]
[Black "Campos, Eugenio"]
[Result "0-1"]
[WhiteElo "2207"]
[BlackElo "2265"]
[PlyCount "90"]
[EventDate "2004.10.15"]
[EventType "team"]
[EventRounds "14"]
[EventCountry "ESP"]
[Source "lmi"]
[SourceDate "2004.10.27"]

1. e4 c5 2. Nf3 Nc6 3. d4 cxd4 4. Nxd4 Nf6 5. Nc3 Qb6 6. Nb3 e6 7. Be3 Qc7 8.
a3 a6 9. f3 b5 10. Be2 Bb7 11. Qd2 Be7 12. Nc5 Bc8 13. O-O Ne5 14. b4 d6 15.
Nb3 Bd7 16. Rac1 Rc8 17. Nd1 Nc4 18. Bxc4 bxc4 19. Nd4 d5 20. e5 c3 21. Qd3
Qxe5 22. Nxc3 O-O 23. Nce2 Qd6 24. Rfd1 Ba4 25. Nc3 Bd7 26. Nce2 Ba4 27. Nc3
Be8 28. Nce2 Nd7 29. f4 a5 30. c3 Nb6 31. Nb5 Bxb5 32. Qxb5 Nc4 33. Bc5 Qc7 34.
Bxe7 Qxe7 35. Nd4 Qa7 36. Kh1 Rc7 37. Re1 a4 38. Nxe6 fxe6 39. Rxe6 Qb7 40.
Qxa4 Rcf7 41. g3 d4+ 42. Qc6 d3 43. Qxb7 Rxb7 44. Rd1 d2 45. Rc6 Re8 0-1

[Event "Olimpiada Calviá 2004"]
[Site "Calviá ESP"]
[Date "2004.10.23"]
[Round "8.49"]
[White "Guillen Ramirez, Jose Antonio"]
[Black "Van Hoolandt, Patrick"]
[Result "1/2-1/2"]
[WhiteElo "2301"]
[BlackElo "2269"]
[PlyCount "160"]
[EventDate "2004.10.15"]
[EventType "team"]
[EventRounds "14"]
[EventCountry "ESP"]
[Source "lmi"]
[SourceDate "2004.10.27"]

1. e4 e5 2. Nf3 Nc6 3. Bb5 Nf6 4. O-O Nxe4 5. d4 Nd6 6. Bxc6 dxc6 7. dxe5 Nf5
8. Qe2 Nd4 9. Nxd4 Qxd4 10. Rd1 Bg4 11. Rxd4 Bxe2 12. Nc3 Bh5 13. Be3 Rd8 14.
Rxd8+ Kxd8 15. f4 Bb4 16. Ne4 Re8 17. c3 Bf8 18. Bc5 Bxc5+ 19. Nxc5 b6 20. Nd3
Be2 21. Kf2 Bxd3 22. Rd1 Ke7 23. Rxd3 h5 24. b4 Ra8 25. c4 a5 26. Ra3 a4 27.
Ke3 Ke6 28. Ke4 g6 29. g3 Rd8 30. Rxa4 Rd2 31. Ra7 Kd7 32. h3 Rc2 33. Kd4 Rd2+
34. Ke3 Rg2 35. Kf3 Rc2 36. f5 gxf5 37. Kf4 Rxc4+ 38. Kxf5 Rxb4 39. Ra8 Rb2 40.
h4 c5 41. Rf8 Ke7 42. Rc8 Kd7 43. Rf8 Ke7 44. Rc8 Rf2+ 45. Ke4 Kd7 46. Rh8 Re2+
47. Kf4 c4 48. Rh7 Ke7 49. Rh6 b5 50. Rc6 Kd7 51. Rc5 c6 52. a4 bxa4 53. Rxc4
a3 54. Ra4 Ke6 55. Rxa3 Rxe5 56. g4 hxg4 57. Kxg4 Kf6 58. Ra4 c5 59. h5 Rg5+
60. Kh4 Rd5 61. Ra6+ Kg7 62. Rc6 Rd4+ 63. Kg5 Rd5+ 64. Kg4 f6 65. h6+ Kxh6 66.
Rxf6+ Kg7 67. Rc6 Kf7 68. Kf4 Ke7 69. Ke4 Rh5 70. Kd3 Kd7 71. Rg6 Rh4 72. Kc3
Kc7 73. Rf6 Rd4 74. Rh6 Rd6 75. Rxd6 Kxd6 76. Kc4 Kc6 77. Kc3 Kd5 78. Kd3 c4+
79. Kc3 Kc5 80. Kc2 Kb4 1/2-1/2

[Event "Olimpiada Calviá 2004"]
[Site "Calviá ESP"]
[Date "2004.10.23"]
[Round "8.49"]
[White "Huguet, Sergio"]
[Black "Calabrese, Antonino"]
[Result "1/2-1/2"]
[WhiteElo "2141"]
[BlackElo "2038"]
[PlyCount "108"]
[EventDate "2004.10.15"]
[EventType "team"]
[EventRounds "14"]
[EventCountry "ESP"]
[Source "lmi"]
[SourceDate "2004.10.27"]

1. e4 e5 2. Nf3 d6 3. d4 Nf6 4. dxe5 Nxe4 5. Qd5 Nc5 6. Bg5 Qd7 7. Nc3 c6 8.
Qd2 d5 9. O-O-O Ne6 10. Be3 Be7 11. h4 b6 12. Ng5 Ba6 13. Be2 Bxe2 14. Qxe2 h6
15. Nxe6 Qxe6 16. Bf4 Nd7 17. h5 Qf5 18. Rd4 O-O 19. g4 Qe6 20. Kb1 Rfe8 21.
Re1 b5 22. Bg3 Bc5 23. Rd3 f6 24. exf6 Qxe2 25. Rxe2 Rxe2 26. Nxe2 Re8 27. Nc3
b4 28. Nd1 Nxf6 29. f3 Re2 30. Kc1 Rg2 31. Be5 Nd7 32. Bd4 Bxd4 33. Rxd4 a5 34.
Ne3 Rg1+ 35. Rd1 Rxd1+ 36. Kxd1 Kf7 37. Ke2 Nb6 38. a3 bxa3 39. bxa3 d4 40. Nf5
c5 41. Kd3 Kf6 42. Nd6 Nd7 43. f4 Ke6 44. Nb7 Kd5 45. Nxa5 Nb6 46. c4+ dxc3 47.
Kxc3 Ke4 48. Nb3 Kxf4 49. Nxc5 Kxg4 50. Ne6 Kxh5 51. Nxg7+ Kg6 52. Ne6 Kf5 53.
Ng7+ Kg6 54. Ne6 Kf6 1/2-1/2

[Event "Olimpiada Calviá 2004"]
[Site "Calviá ESP"]
[Date "2004.10.23"]
[Round "8.50"]
[White "Montalvo, Alejandro"]
[Black "Singh, Ravishen"]
[Result "1/2-1/2"]
[WhiteElo "2240"]
[BlackElo "2093"]
[PlyCount "73"]
[EventDate "2004.10.15"]
[EventType "team"]
[EventRounds "14"]
[EventCountry "ESP"]
[Source "lmi"]
[SourceDate "2004.10.27"]

1. d4 d5 2. Nf3 Nf6 3. Bf4 e6 4. e3 Be7 5. Nbd2 O-O 6. Bd3 b6 7. Ne5 Bb7 8. Qf3
Na6 9. c3 c5 10. h4 Nc7 11. g4 Ne4 12. Nxe4 dxe4 13. Bxe4 Bxe4 14. Qxe4 Qd5 15.
Qxd5 Nxd5 16. Bg3 Rac8 17. dxc5 bxc5 18. O-O-O f6 19. Nc4 Rfd8 20. e4 Nb6 21.
Nxb6 axb6 22. Rxd8+ Rxd8 23. Bc7 Ra8 24. a3 b5 25. Rd1 Kf7 26. Bd6 Ra4 27. Bxe7
Kxe7 28. f3 f5 29. gxf5 exf5 30. Kd2 fxe4 31. Re1 Kf6 32. f4 Kf5 33. Ke3 b4 34.
axb4 cxb4 35. Rg1 bxc3 36. bxc3 Rc4 37. Rc1 1/2-1/2